LIBRARY & INFORMATION CENTRE, KCAET, TAVANUR

ONLINE PUBLIC ACCESS CATALOGUE (OPAC)

Pesticides and environmental pollution / (Record no. 2300)

MARC details
000 -LEADER
fixed length control field 00493cam a2200193ua 4500
020 ## - INTERNATIONAL STANDARD BOOK NUMBER
ISBN 81-85167-17-6
041 ## - LANGUAGE CODE
Language code of text/sound track or separate title eng
082 ## - DEWEY DECIMAL CLASSIFICATION NUMBER
Classification number 628.52
Item number LOD/PE
100 ## - MAIN ENTRY--AUTHOR NAME
Personal name Lodha, R.M .
245 ## - TITLE STATEMENT
Title Pesticides and environmental pollution /
250 ## - EDITION STATEMENT
Edition statement 1 /
260 ## - PUBLICATION, DISTRIBUTION, ETC. (IMPRINT)
Place of publication :
Name of publisher Himanshu publications ,
Year of publication 1989.
300 ## - PHYSICAL DESCRIPTION
Number of Pages 121 ; .
700 1# - ADDED ENTRY--PERSONAL NAME
Personal name Vandana, Saxena .
942 ## - ADDED ENTRY ELEMENTS (KOHA)
Koha item type Books
Holdings
Withdrawn status Lost status Damaged status Home library Current library Date acquired Full call number Accession Number Koha item type
      KAUAET KAUAET 07/04/2012 628.52 19465 Books
free website counter